| 000 | 00653nam a2200193 i 4500 | ||
|---|---|---|---|
| 001 | 112537 | ||
| 003 | ES-MaACL | ||
| 005 | 20250907063100.0 | ||
| 007 | t| | ||
| 008 | 061121s1930 sp r ||||1| spa d | ||
| 100 | 1 |
_aOrtí Belmonte, Miguel Angel, _d1891-1973 _987527 |
|
| 245 | 1 | 0 |
_aCórdoba durante la Guerra de la Indenpencia 1808-1813 / _cMiguel Angel Ortí Belmonte. |
| 260 |
_aCórdoba : _bLa Comercial, _c1930. |
||
| 300 |
_a302 p. ; _c25 cm. |
||
| 651 | 4 |
_aCórdoba- _xHistoria- _yS.XIX. _9157773 |
|
| 651 | 4 |
_aEspaña- _xHistoria- _y1808-1814, Guerra de la Independencia _98244 |
|
| 852 |
_aES-MaACL _jA-233 |
||
| 999 |
_c112537 _d112537 |
||